000 00985nab a2200205 i 4500
001 768714001
003 CO-MdFUSB
005 20240507125745.0
008 240507t1968 sp ||||| |||| 00| 0 spa d
040 _bspa
_cCO-MdFUSB
_dCO-MdFUSB
041 _aspa
100 _aBarrosse, Thomas,
_eautor
245 3 _aLa pascua y la comida pascual
_c/ Thomas Barrose
520 _aLa pascua es la comida sagrada que mayor atención merece en el Antiguo Testamento. Sin embargo, sería un error ver en ella simplemente una forma particular de «sacrificio de comunión». Si bien fue asimilada a este rito en un principio (ex 12, 27; 23,18; 34,25), ambos tienen orígenes totalmente independientes.
650 0 _aBiblia
_916
653 _aPascua
773 0 _049450
_982600
_oR2530
_tRevista internacional de teología Concilium
_w(CO-MdFUSB)8
_x0210-1041
_gNúmero 40, (diciembre, 1968), páginas: 536 - 547
_qpágina: 536
942 _cANA
945 _aCatherine Arias Alvarez - Practicante SENA
999 _c69556
_d69556